000 01010cam a2200217 4500
001 WB4037-11
008 040929n2004 000 0 eng u
035 _a(Sirsi) u127561
245 _aHometrack September survey
260 _c2004
490 _aHometrack Press Release
520 _aHometrack's September 2004 survey of the housing market reports that the national housing market shows a 0.3% fall in average prices. There is an excess of properties on the market with the number of buyers registered with estate agents falling by 5%. The average time taken to sell a house has risen to 5.8 weeks and the number of viewings has risen to 11.4 per sale. For the Hometrack September 2004 survey: http://www.hometrack.co.uk/index.cfm?fuseaction=ne ws.viewnewsitem&newsid=86
590 _aWB
590 _aWB
650 _aHOMETRACK.CO.UK HOUSE PRICE INDEX
650 _aHOUSE PRICES
650 _aINTEREST RATES
650 _aCONSUMER CONFIDENCE
690 _aHOUSING-HOUSE PRICES
942 _n0
999 _c118087
_d118087